书目信息 |
| 题名: |
人类简史:从动物到上帝
|
|
| 作者: | 赫拉利 著 ;林俊宏 译 | |
| 分册: | ||
| 出版信息: | 北京 中信出版社 2017.02 |
|
| 页数: | XI, 417页 | |
| 开本: | 23cm | |
| 丛书名: | ||
| 单 册: | ||
| 中图分类: | K02.49 | |
| 科图分类: | ||
| 主题词: | 社会发展史--通俗读物 | |
| 电子资源: | ||
| ISBN: | 978-7-5086-6075-2 | |
| 000 | 01611nam0 2200277 450 | |
| 001 | 0108153916 | |
| 005 | 20210322112610.57 | |
| 010 | @a978-7-5086-6075-2@dCNY68.00 | |
| 100 | @a20210307e20202017em y0chiy50 ea | |
| 101 | 1 | @achi@cheb |
| 102 | @aCN@b110000 | |
| 105 | @aak z 000yy | |
| 106 | @ar | |
| 200 | 1 | @a人类简史:从动物到上帝@Aren lei jian shi: cong dong wu dao shang di@f(以)尤瓦尔·赫拉利著@dSapiens : a brief history of humankind@fYuval Noah Harari@g林俊宏译@zeng |
| 205 | @a2版 | |
| 210 | @a北京@c中信出版社@d2017.02@h2020.09 | |
| 215 | @aXI, 417页@c图,照片@d23cm | |
| 314 | @a尤瓦尔·赫拉利:1976年生,牛津大学历史学博士,现为耶路撒冷希伯来大学的历史系教授,青年怪才,全球瞩目的新锐历史学家。他擅长世界历史和宏观历史进程研究。在学术领域和大众出版领域都有很大的兴趣。 | |
| 330 | @a这是一部从十万年前有生命迹象开始到21世纪资本、科技交织的人类发展史。十万年前,地球上至少有六个人种,今天却只剩下我们自己。本书用三次革命理清人类发展的线索,七万年前的大脑认知革命(有能力谈八卦,想象不存在的事物,让陌生人开始合作、建立组织)、一万两千年前的农业革命(让我们渴求更多、生产更多,分工分职愈趋细腻)、五百年前的科学革命(带来快速进步,让我们拥有上帝的力量,也带来毁灭)、以及导致全球大一统、人类大融合的关键因素——金钱、帝国、宗教。这是一部宏大的人类简史,更见微知著、以小见大,让人类重新审视自己。 | |
| 510 | 1 | @aSapiens : a brief history of humankind@zeng |
| 606 | 0 | @a社会发展史@j通俗读物 |
| 690 | @aK02.49@v5 | |
| 701 | 1 | @c(以)@a赫拉利@Ahe la li@c(Harari, Yuval Noah@f1976-)@4著 |
| 702 | 0 | @a林俊宏@Alin jun hong@4译 |
| 801 | 0 | @aCN@bBJSZM@c20210308 |
| 905 | @b1273051-4@dK02.49@e148=2@f4 | |
| 人类简史:从动物到上帝/(以)尤瓦尔·赫拉利著=Sapiens : a brief history of humankind/Yuval Noah Harari/林俊宏译.-2版.-北京:中信出版社,2017.02(2020.09) |
| XI, 417页:图,照片;23cm |
| ISBN 978-7-5086-6075-2:CNY68.00 |
| 这是一部从十万年前有生命迹象开始到21世纪资本、科技交织的人类发展史。十万年前,地球上至少有六个人种,今天却只剩下我们自己。本书用三次革命理清人类发展的线索,七万年前的大脑认知革命(有能力谈八卦,想象不存在的事物,让陌生人开始合作、建立组织)、一万两千年前的农业革命(让我们渴求更多、生产更多,分工分职愈趋细腻)、五百年前的科学革命(带来快速进步,让我们拥有上帝的力量,也带来毁灭)、以及导致全球大一统、人类大融合的关键因素——金钱、帝国、宗教。这是一部宏大的人类简史,更见微知著、以小见大,让人类重新审视自己。 |
| ● |
| 相关链接 |
|
|
|
|
正题名:人类简史:从动物到上帝
索取号:K02.49/148=2
 
预约/预借
| 序号 | 登录号 | 条形码 | 馆藏地/架位号 | 状态 | 备注 |
| 1 | 1273051 | 212730516 | 第二样本阅览室/ [索取号:K02.49/148=2] | 在馆 | |
| 2 | 1273052 | 212730525 | 教育系资料室/ [索取号:K02.49/148=2] | 在馆 | |
| 3 | 1273053 | 212730534 | 教育系资料室/ [索取号:K02.49/148=2] | 在馆 | |
| 4 | 1273054 | 212730543 | 第二借阅区/ [索取号:K02.49/148=2] |
已借出,限还日期为2027.03.18 借出人:孙淑湘 |